00291nam a2200121Ia 4500008004100000020001800041041000800059082002100067100001500088245001900103260003800122300000900160230411s9999 xx 000 0 und d a0-575-04802-6 aeng aX/820/THO/B03218 aThomas D M aLying Together bVictor Gollancz LtdaLondonc1990 a255p